LEADER 01214nam0-22003251i-450- 001 990004173230403321 005 20060217122945.0 010 $a0-946897-67-0 035 $a000417323 035 $aFED01000417323 035 $a(Aleph)000417323FED01 035 $a000417323 100 $a19990604d1994----km-y0itay50------ba 101 0 $aeng 105 $aa-------11-c- 200 1 $a<>ARCHAEOLOGY of Athens and Attica under the democracy$eproceedings of an International Conference celebrating 2500 years since the birth of democracy in Greece, held at the American School of classical studies at Athens, december 4-6, 1992$fedited by W. D. E. Coulson, O. Palagia [et al.] 210 $aOxford$cOxbow Books$d1994 215 $aVIII, 250 p.$cill.$d31 cm 225 1 $aOxbow Monograph$v37 610 0 $aGrecia$aArcheologia$aConvegni$a1992 676 $a938.01$v21$zita 702 1$aCoulson,$bWilliam D. E.$f<1942-2001> 702 1$aPalagia,$bOlga 801 0$aIT$bUNINA$gRICA$2UNIMARC 901 $aBK 912 $a990004173230403321 952 $a938.01 CONV ATENE 1992$bBibl.26905$fFLFBC 959 $aFLFBC 996 $aARCHAEOLOGY of Athens and Attica under the democracy$9485880 997 $aUNINA LEADER 01384nam0-22004571i-450- 001 990006951670403321 005 20091001191721.0 010 $a88-15-06045-6 035 $a000695167 035 $aFED01000695167 035 $a(Aleph)000695167FED01 035 $a000695167 100 $a20091001d1997----km-y0itay50------ba 101 1 $aita$cfre 102 $aIT 105 $ay---a---001cy 200 1 $a<>retorica$fMichel Meyer 205 $aEd. italiana$fa cura di Andrea Battistini 210 $aBologna$cil Mulino$dc1997 215 $a172 p.$d21 cm 225 1 $aUniversale paperbacks Il mulino$v319 300 $aTrad. di Berta Maria-Pia Smiths Jacob 454 0$12001$aQuestions de rhetorique$elangage, raison et séduction$1210$aParis$cLibrairie Générale Française$d1993$929501 610 0 $aRetorica 610 0 $aArgomentazione 676 $a194$v20$zita 676 $a168$v21$zita 700 1$aMeyer,$bMichel$058789 702 1$aBattistini,$bAndrea$f<1947- > 702 1$aSmith Jacob,$bBerta Maria-Pia 801 0$aIT$bUNINA$gRICA$2UNIMARC 901 $aBK 912 $a990006951670403321 952 $aP2B-200-MEYER M.-1997$bBibl.38484$fFLFBC 952 $aXI ERM M 7$b2164$fDFD 952 $a168 MAY 1$b8052$fBFS 959 $aFLFBC 959 $aDFD 959 $aBFS 996 $aQuestions de rhetorique$929501 997 $aUNINA